[Event "Small Paris-ch"]
[Site "Paris"]
[Date "2014.??.??"]
[Round "6"]
[White "Koch, Alain1111"]
[Black "Dayan, Benjamin"]
[Result "1-0"]
[WhiteElo "1940"]
[BlackElo "1875"]
[PlyCount "119"]
[EventDate "2014.07.??"]
[EventType "swiss"]
[EventRounds "7"]
[EventCountry "FRA"]
[SourceTitle "EXT 2015"]
[Source "ChessBase"]
[SourceDate "2014.11.20"]
[SourceVersion "1"]
[SourceVersionDate "2014.11.20"]
[SourceQuality "1"]

1. e4 c6 2. d4 d5 3. e5 Bf5 4. Bd3 Bxd3 5. Qxd3 e6 6. Be3 Qb6 7. b3 Nd7 8. Ne2 Ne7 9. Ng3 h5 10. h4 c5 11. c3 Nc6 12. 0-0 cxd4 13. cxd4 Nb4 14. Qd2 Rc8 15. Nc3 Be7 16. Rac1 Nc6 17. Na4 Qd8 18. Bg5 Bxg5 19. hxg5 h4 20. Ne2 Rh5 21. f4 g6 22. Kh2 Ke7 23. b4 b6 24. b5 Na5 25. Qb4+ Ke8 26. Rxc8 Qxc8 27. Rc1 Qb7 28. Nb2 a6 29. a4 axb5 30. axb5 Qa8 31. Kh3 Nb7 32. Na4 Na5 33. Nb2 Nb7 34. Nc3 Qa5 35. Qxa5 Nxa5 36. Ne2 Kd8 37. Rc3 Nb8 38. Nc1 Kd7 39. Ncd3 Rh8 40. Nc1 Kd8 41. Ncd3 Kd7 42. Kg4 Rc8 43. Rxc8 Kxc8 44. Nc1 Nc4 45. Nxc4 dxc4 46. Kf3 Kd7 47. Ke3 Nc6 48. bxc6+ Kxc6 49. Ke4 Kb5 50. d5 exd5+ 51. Kxd5 Kb4 52. f5 gxf5 53. g6 fxg6 54. e6 f4 55. e7 f3 56. gxf3 h3 57. e8Q b5 58. Qe1+ Ka4 59. Qc3 h2 60. Kc5 1-0

[Event "Le Touquet op 22nd"]
[Site "Le Touquet"]
[Date "2007.10.31"]
[Round "6"]
[White "Krasucki, Youri"]
[Black "Dayan, Benjamin"]
[Result "0-1"]
[WhiteElo "2037"]
[BlackElo "1956"]
[PlyCount "56"]
[EventDate "2007.10.27"]
[EventType "swiss"]
[EventRounds "9"]
[EventCountry "FRA"]
[SourceTitle "EXT 2008"]
[Source "ChessBase"]
[SourceDate "2007.11.25"]
[SourceVersion "1"]
[SourceVersionDate "2007.11.25"]
[SourceQuality "1"]

1. e4 c6 2. d4 d5 3. Nd2 dxe4 4. Nxe4 Bf5 5. Ng3 Bg6 6. Nf3 Nd7 7. h4 h6 8. h5 Bh7 9. Bd3 Bxd3 10. Qxd3 Qc7 11. Bd2 Ngf6 12. 0-0-0 e6 13. Ne4 0-0-0 14. g3 Nc5 15. Nxc5 Bxc5 16. Bf4 Bd6 17. Bxd6 Rxd6 18. c4 c5 19. Kb1 cxd4 20. c5 Rd5 21. Rc1 Rhd8 22. Qa3 Kb8 23. Nd2 Rxh5 24. Rxh5 Nxh5 25. Qf3 Nf6 26. c6 b6 27. Nc4 Rd5 28. Qa3 Rc5 0-1